Scammell and others v Dicker (Record no. 66951)

MARC details
000 -LEADER
fixed length control field 00997cam a2200217 4500
001 - CONTROL NUMBER
control field ABS63793
008 - FIXED-LENGTH DATA ELEMENTS--GENERAL INFORMATION
fixed length control field 000000n2001 000 0 eng u
035 ## - SYSTEM CONTROL NUMBER
System control number (Sirsi) u112472
245 ## - TITLE STATEMENT
Title Scammell and others v Dicker
260 ## - PUBLICATION, DISTRIBUTION, ETC.
Date of publication, distribution, etc. 2001
490 ## - SERIES STATEMENT
Series statement Weekly Law Reports
Volume/sequential designation [2001]1 WLR 631-638(8)
520 ## - SUMMARY, ETC.
Summary, etc. CA 21 December 2001. The parties attempted to settle a boundary dispute before the trial. The defendant D made an offer to settle the dispute under CPR Pt 36 by letter on 9 March 2000 but withdrew the offer by letter dated 13 March. The offer was expressed to be open for 21 days. The CC held that D was not entitled to withdraw the Part 36 offer unillaterally . CC ruling overturned. CA held that D was entiled to withdraw. Appeal allowed.
590 ## - LOCAL NOTE (RLIN)
Local note ABS
650 ## - SUBJECT ADDED ENTRY--TOPICAL TERM
Topical term or geographic name entry element SCAMMELL V DICKER
650 ## - SUBJECT ADDED ENTRY--TOPICAL TERM
Topical term or geographic name entry element CIVIL PROCEDURE RULES PART 36
650 ## - SUBJECT ADDED ENTRY--TOPICAL TERM
Topical term or geographic name entry element Boundary disputes
9 (RLIN) 6221
650 ## - SUBJECT ADDED ENTRY--TOPICAL TERM
Topical term or geographic name entry element LETTER
650 ## - SUBJECT ADDED ENTRY--TOPICAL TERM
Topical term or geographic name entry element WITHDRAWAL
690 ## - LOCAL SUBJECT ADDED ENTRY--TOPICAL TERM (OCLC, RLIN)
Topical term or geographic name as entry element Boundary disputes
9 (RLIN) 6221
942 ## - ADDED ENTRY ELEMENTS (KOHA)
Suppress in OPAC 0
Holdings
Withdrawn status Lost status Source of classification or shelving scheme Damaged status Not for loan Home library Current library Shelving location Date acquired Total Checkouts Full call number Barcode Date last seen Copy number Price effective from Koha item type
    Dewey Decimal Classification     London London Journal article 09/05/2001   ABS63793 112472-1001 06/08/2019 1 06/08/2019 Law report